| Tag |
First Indicator |
Second Indicator |
Subfields |
| LEADER |
00000cam a2200000 4500 |
| 001 |
in00000053703 |
| 005 |
20151008050332.0 |
| 008 |
750724r1949 nyu 00000 eng u |
| 010 |
|
|
|a 49001680
|
| 035 |
|
|
|a (OCoLC)01473221
|
| 035 |
|
|
|9 AAG0507AM
|
| 040 |
|
|
|c DZM
|d TXA
|d UtOrBLW
|
| 049 |
|
|
|a TXAM
|c [170151]
|
| 050 |
0 |
0 |
|a HD1887
|b .S35 1949
|
| 082 |
0 |
|
|a 333.332
|
| 092 |
|
|
|a 333.332
|b S356c
|
| 100 |
1 |
|
|a Schmutz, George Le Roy,
|d 1893-1958.
|
| 245 |
1 |
0 |
|a Condemnation appraisal handbook ;
|b property valuation, condemnation procedure, court testimony.
|
| 264 |
|
1 |
|a New York :
|b Prentice-Hall,
|c 1949.
|
| 300 |
|
|
|a xviii, 361 pages :
|b illustrations ;
|c 24 cm.
|
| 336 |
|
|
|a text
|b txt
|2 rdacontent
|
| 337 |
|
|
|a unmediated
|b n
|2 rdamedia
|
| 338 |
|
|
|a volume
|b nc
|2 rdacarrier
|
| 490 |
0 |
|
|a Prentice-Hall real estate series
|
| 500 |
|
|
|a "Formerly published under the title: Condemnation Appraiser's handbook."
|
| 650 |
|
0 |
|a Real property
|x Valuation.
|
| 650 |
|
0 |
|a Eminent domain
|z United States.
|
| 999 |
|
|
|a MARS
|
| 999 |
f |
f |
|s 1a013a29-8606-3cb6-9358-7ef7dbf9e8ae
|i 66c5e100-c1ea-3f76-a1b3-3172935a1521
|t 0
|
| 952 |
f |
f |
|p ric
|a Texas A&M University
|b Rellis Campus
|c Joint Library Facility
|d Remote Storage
|t 0
|e HD1887 .S35 1949
|h Library of Congress classification
|i unmediated -- volume
|m A14800740453
|
| 998 |
f |
f |
|a HD1887 .S35 1949
|t 0
|l Remote Storage
|